00357nam a2200145Ia 4500008004100000020001500041041000800056082001600064100001600080245004500096250000600141260003100147300001100178650002200189210716s2000 xx 000 0 und d a8176354937 aeng a004.65 FORB aForta, Ben. aWap development with wml and wml script. a1 aNew DelhibTechmediac2000 axv,585 aComputer Networks